| 000 | 01105nam a2200349 a 4500 | ||
|---|---|---|---|
| 999 |
_c7454 _d7454 |
||
| 001 | 991031782009706706 | ||
| 003 | OSt | ||
| 005 | 20211130122329.0 | ||
| 008 | 050526s2005 spco || 000 ||cat | ||
| 015 |
_aLL2005 _2bnc |
||
| 017 |
_aDL B. 7201-2005 _aDL B. 190002-2005 _bBiblioteca de Catalunya |
||
| 020 | _a8497081501 | ||
| 035 | _a(ES-BaCBU)b33084452-34csuc_network | ||
| 035 | _a(ES-BaCBU).b33084452 | ||
| 035 | _a(ccuc001)b33084452 | ||
| 035 | _a(OCoLC)803948374 | ||
| 040 |
_aES-BaBC _bcat _cES-BaBC _dCDMR |
||
| 043 | _aa-is--- | ||
| 080 | _a929Soler, Esteve | ||
| 080 | _a956.94"1993/" | ||
| 100 | 1 |
_aSoler, Esteve _94574 |
|
| 245 | 1 | 3 |
_aUn Català al laberint de Terra Santa / _cEsteve Soler |
| 260 |
_aBarcelona : _bPlaneta, _c2005 |
||
| 300 |
_a200 p., [8] p. de làm. ; _c19 cm |
||
| 490 | 1 |
_aRamon Llull ; _v92. _aPanorama |
|
| 600 | 1 | 7 | _aSoler, Esteve, |
| 650 | 7 |
_aConflicte araboisraelià _y1993- _vRelats personals. _2lemac |
|
| 907 |
_a.b33084452 _b15-02-21 _c09-05-08 _d07-05-08 _em _fa _g- _hcat _ispc _j3 _k2 |
||
| 908 |
_aBC _aUAB _aICGC |
||
| 940 | _aBC | ||
| 942 |
_2udc _cMON |
||